| 000 | 00442nam a2200121Ia 4500 | ||
|---|---|---|---|
| 008 | 220615s9999||||xx |||||||||||||| ||und|| | ||
| 100 | _aFahmina Zafar||Eram Sharmin | ||
| 245 | 0 | _aMetal-Organic Frameworks | |
| 546 | _aEnglish[eng] | ||
| 650 | _aPhysical Sciences||Engineering and Technology||Materials Science||Metals and Nonmetals||Coordination Chemistry | ||
| 856 | _uhttps://www.intechopen.com/books/metal-organic-frameworks | ||
| 942 | _cEB | ||
| 999 |
_c11704 _d11704 |
||